<?xml version="1.0" encoding="UTF-8"?><?xml-stylesheet type="text/xsl" href="static/style.xsl"?><OAI-PMH xmlns="http://www.openarchives.org/OAI/2.0/" xmlns:xsi="http://www.w3.org/2001/XMLSchema-instance" xsi:schemaLocation="http://www.openarchives.org/OAI/2.0/ http://www.openarchives.org/OAI/2.0/OAI-PMH.xsd"><responseDate>2026-04-13T06:39:25Z</responseDate><request verb="GetRecord" identifier="oai:www.recercat.cat:2445/25853" metadataPrefix="marc">https://recercat.cat/oai/request</request><GetRecord><record><header><identifier>oai:recercat.cat:2445/25853</identifier><datestamp>2025-12-05T09:20:46Z</datestamp><setSpec>com_2072_1057</setSpec><setSpec>col_2072_478799</setSpec><setSpec>col_2072_478917</setSpec></header><metadata><record xmlns="http://www.loc.gov/MARC21/slim" xmlns:dcterms="http://purl.org/dc/terms/" xmlns:xsi="http://www.w3.org/2001/XMLSchema-instance" xmlns:doc="http://www.lyncode.com/xoai" xsi:schemaLocation="http://www.loc.gov/MARC21/slim http://www.loc.gov/standards/marcxml/schema/MARC21slim.xsd">
   <leader>00925njm 22002777a 4500</leader>
   <datafield ind2=" " ind1=" " tag="042">
      <subfield code="a">dc</subfield>
   </datafield>
   <datafield ind2=" " ind1=" " tag="720">
      <subfield code="a">Trepat Guixer, Xavier</subfield>
      <subfield code="e">author</subfield>
   </datafield>
   <datafield ind2=" " ind1=" " tag="720">
      <subfield code="a">Grabulosa Descals, Mireia</subfield>
      <subfield code="e">author</subfield>
   </datafield>
   <datafield ind2=" " ind1=" " tag="720">
      <subfield code="a">Buscemi Estefanell, Lara</subfield>
      <subfield code="e">author</subfield>
   </datafield>
   <datafield ind2=" " ind1=" " tag="720">
      <subfield code="a">Rico Camps, Félix</subfield>
      <subfield code="e">author</subfield>
   </datafield>
   <datafield ind2=" " ind1=" " tag="720">
      <subfield code="a">Farré Ventura, Ramon</subfield>
      <subfield code="e">author</subfield>
   </datafield>
   <datafield ind2=" " ind1=" " tag="720">
      <subfield code="a">Navajas Navarro, Daniel</subfield>
      <subfield code="e">author</subfield>
   </datafield>
   <datafield ind2=" " ind1=" " tag="260">
      <subfield code="c">2012-05-16T10:52:34Z</subfield>
   </datafield>
   <datafield ind2=" " ind1=" " tag="260">
      <subfield code="c">2012-05-16T10:52:34Z</subfield>
   </datafield>
   <datafield ind2=" " ind1=" " tag="260">
      <subfield code="c">2005</subfield>
   </datafield>
   <datafield ind2=" " ind1=" " tag="520">
      <subfield code="a">The mechanical properties of alveolar epithelial cells play a central role in maintaining the physical integrity of the alveolar epithelium. We studied the viscoelastic properties of alveolar epithelial cells (A549) in response to thrombin and histamine with optical magnetic twisting cytometry. Ferrimagnetic beads coated with Arg-Gly-Asp (RGD)-peptide or acetylated low-density lipoprotein were bound to cell surface receptors and subsequently twisted in an oscillatory magnetic field (0.1–100 Hz). The cell storage (G′) and loss (G″) moduli were computed from twisting torque and bead displacement. In measurements with RGD-coated beads, thrombin (0.5 U/ml) induced a rapid and sustained threefold increase in G′ and G″ at ∼100 s after challenge. Histamine (100 μM) induced a rapid but transient twofold increase in G′ and G″ with maximum values 60 s after challenge. Posttreatment with cytochalasin D abolished thrombin-induced cell stiffening. G′ increased with frequency following a power law with exponent 0.214. G″ increased proportionally to G′ up to 10 Hz but showed a steeper rise at higher frequencies. Thrombin caused a fall in the power-law exponent (0.164). In measurements with acetylated low-density lipoprotein-coated beads, minor changes (&amp;lt;20%) were observed in G′ and G″ after the addition of thrombin and histamine. F-actin staining revealed that thrombin and histamine induced a profound reorganization of the actin cytoskeleton at the cell periphery and formation of actin bundles. In the mechanically dynamic environment of the lung, cell stiffening induced by thrombin and histamine increases centripetal tension, which could contribute to alveolar barrier dysfunction.</subfield>
   </datafield>
   <datafield tag="653" ind2=" " ind1=" ">
      <subfield code="a">Cèl·lules epitelials</subfield>
   </datafield>
   <datafield tag="653" ind2=" " ind1=" ">
      <subfield code="a">Transducció de senyal cel·lular</subfield>
   </datafield>
   <datafield tag="653" ind2=" " ind1=" ">
      <subfield code="a">Bronquis</subfield>
   </datafield>
   <datafield tag="653" ind2=" " ind1=" ">
      <subfield code="a">Hidrolases</subfield>
   </datafield>
   <datafield tag="653" ind2=" " ind1=" ">
      <subfield code="a">Epithelial cells</subfield>
   </datafield>
   <datafield tag="653" ind2=" " ind1=" ">
      <subfield code="a">Cellular signal transduction</subfield>
   </datafield>
   <datafield tag="653" ind2=" " ind1=" ">
      <subfield code="a">Bronchi</subfield>
   </datafield>
   <datafield tag="653" ind2=" " ind1=" ">
      <subfield code="a">Hydrolases</subfield>
   </datafield>
   <datafield ind2="0" ind1="0" tag="245">
      <subfield code="a">Thrombin and histamine induce stiffening of alveolar epithelial cells.</subfield>
   </datafield>
</record></metadata></record></GetRecord></OAI-PMH>